| 000 | 00672nas a2200241 4500 | ||
|---|---|---|---|
| 001 | BR9510998 | ||
| 003 | BR-BrBNA | ||
| 005 | 20231205094820.0 | ||
| 007 | ta | ||
| 008 | 230509b bl.|||p| |||| 00| 00por d | ||
| 040 |
_aBR-BrBNA _bpor _cBiblioteca Nacional de Agricultura |
||
| 041 | _a(Pt) | ||
| 072 | _aF61 | ||
| 100 | 1 | _aFeitosa, C.T. | |
| 100 | 1 | _aHiroce, R. | |
| 100 | 1 | _aBenatti Junior, R. | |
| 245 | 1 | _aOmissao de micronutrientes em rami | |
| 650 | _aRami | ||
| 650 | _aDeficiencia Nutricional | ||
| 773 | 0 |
_tBragantia (Brazil) _xISSN 0006-8705 _g(1992), v. 51(2) p. 185-188 _wBR9510998 |
|
| 909 |
_a202311 _bLúcia _c55 _dLúcia Elande |
||
| 942 |
_2AGRIS _n0 _cANA |
||
| 999 |
_c147033 _d147033 |
||